00585nam a22001697a 450000500170000001000130001702000260003003500110005603700130006708200080008010000450008824500950013324600560022826000510028427000570033530000230039220211122120029.0 aUR-11334 c250.00a9789390789146 aU-9889 bDBAD/PUB a841 aسيد حسين ا حمد جيلا نی  aفيصلہ د ل کا (شعر ی مجمو عہ)cسيد حسين ا حمد جيلا نی  aFaisla Dil Ka (Urdu)bby Syed Haseen Ahmad Jeelani aN.Delhic2021 ءbEducational Publishing House aD1/16,Ansari Road,Darya Ganj,bNew Delhie110002l - a144 ص c22 Cm(Hb)